| 000 | 04068nam a2200421 i 4500 | ||
|---|---|---|---|
| 001 | ebr10801893 | ||
| 003 | CaPaEBR | ||
| 006 | m o d | ||
| 007 | cr cn||||||||| | ||
| 008 | 101117t20112011njua ob 000 0 eng|d | ||
| 020 | _z9781556429255 (alk. paper) | ||
| 020 | _a9781617117459 (e-book) | ||
| 040 |
_aCaPaEBR _beng _erda _epn _cCaPaEBR |
||
| 035 | _a(OCoLC)874967869 | ||
| 050 | 1 | 4 |
_aRD557.5 _b.M36 2011eb |
| 082 | 0 | 4 |
_a617.5/720597 _222 |
| 245 | 0 | 0 |
_aManagement of the unstable shoulder : _barthroscopic and open repair / _cedited by Jeffrey S. Abrams. |
| 264 | 1 |
_aThorofare, NJ : _bSLACK Incorporated, _c[2011] |
|
| 264 | 4 | _c�2011 | |
| 300 |
_a1 online resource (324 pages) : _bcolor illustrations |
||
| 336 |
_atext _2rdacontent |
||
| 337 |
_acomputer _2rdamedia |
||
| 338 |
_aonline resource _2rdacarrier |
||
| 504 | _aIncludes bibliographical references. | ||
| 505 | 0 | _aPatient selection : nonoperative, arthroscopic, and open options / Matthew Bollier and Robert A. Arciero -- Patient's preparation, positioning, and portals for arthroscopic stabilization -- Part I : Advantages of the lateral decubitus position / Jason Sullivan and Guido Marra -- Part II : Advantages of the beach chair position / CDR Matthew T. Provencher ... [et al.] -- Arthroscopic bankart repair : a reproducible technique / Richard Ryu and Jeffrey S. Abrams -- Knotless suture anchor techniques to repair the unstable shoulder / Raymond Thal -- When we should consider posterior plication sutures and interval plication / Mark Wichman -- Techniques to repair the multidirectionally unstable shoulder / Marcus S. Briones ... [et al.] -- Posterior shoulder instability : recognition and arthroscopic treatment / Richard L. Angelo -- | |
| 505 | 0 | _aThe best treatment for the first-time dislocator / Drew Fehsenfeld and Robert A. Arciero -- Treatment decisions in the elite athlete / Todd C. Moen and Gordon W. Nuber -- Assessment of bone loss in the chronic, recurrent, unstable shoulder / Anshu Singh ... [et al.] -- Applying a soft tissue repair in a chronic unstable shoulder with bone loss / Robert T. Burks -- Arthroscopic latarjet graft technique / Laurent Lafosse and Simon Boyle -- Treatment of superior labral tears in the unstable shoulder / Joseph P. DeAngelis and John E. Kuhn -- Arthroscopic revision surgery and treatment of complications in shoulder stabilization / Jeffrey S. Abrams -- Bankart repair and capsule shift / J. Douglas Haltom and Gary W. Misamore -- | |
| 505 | 0 | _aSubscapularis tears and capsular deficiency in shoulder instability / Bojan Zoric and Peter J. Millett -- Techniques to bone graft the deficient anterior glenoid rim / Michael J. DeFranco ... [et al.] -- Hill-Sachs injuries of the shoulder : When are these important and how should I manage them? / CDR Matthew T. Provencher, LT Matthew Rose, and William Peace -- Mini-open and arthroscopic repair of the humeral anterior capsular avulsion / Drew Fehsenfeld, Augustus D. Mazzocca, and Robert A. Arciero -- Open surgical approach for posterior stabilization / Luke S. Oh and Scott P. Steinmann -- Dislocation during the athletic season : treatment options / Daniel D. Buss and Aimee S. Klapach -- A dynamic approach to a postoperative rehabilitative program for the surgically stabilized. | |
| 588 | _aDescription based on print version record. | ||
| 590 | _aElectronic reproduction. Palo Alto, Calif. : ebrary, 2013. Available via World Wide Web. Access may be limited to ebrary affiliated libraries. | ||
| 650 | 0 |
_aShoulder joint _xEndoscopic surgery. |
|
| 650 | 0 |
_aShoulder joint _xSurgery. |
|
| 650 | 0 | _aArthroscopy. | |
| 655 | 0 | _aElectronic books. | |
| 700 | 1 |
_aAbrams, Jeffrey S., _d1954- |
|
| 776 | 0 | 8 |
_iPrint version: _tManagement of the unstable shoulder : arthroscopic and open repair. _dThorofare, NJ : SLACK Incorporated, [2011] _hxv, 301 pages _z9781556429255 _w(DNLM)101547827 _w(DLC)10801893 |
| 797 | 2 | _aebrary. | |
| 856 | 4 | 0 |
_uhttp://site.ebrary.com/lib/rucke/Doc?id=10801893 _zAn electronic book accessible through the World Wide Web; click to view |
| 999 |
_c144353 _d144353 |
||